000 00599cam a22002174a 4500
005 20250605164256.0
008 250528s ||||||||||||||||||||||||d
035 _a21933
040 _aGR-AtMCL
_bgre
_dGR-AtMCL
_eAACR2
245 1 _aNEW HEADWAY INTERMEDIATE (SET OF 2)
250 _a2
260 _bOxford University Press,
_c2004
505 0 _aINCLUDES: TEACHER'S BOOK, STUDENT'S BOOK
520 _aINCLUDES: TEACHER'S BOOK, STUDENT'S BOOK
700 1 _aSayer Mike
_97818
700 1 _aSoars John
_97487
700 1 _aSoars Liz
_97488
942 _cBK
999 _c6990
_d6990